000 00208nam a2200097Ia 4500
008 220204s9999 xx 000 0 und d
082 _a82-3
_bROB
100 _aRobinson, Jill
245 0 _aPerdido
942 _cBK
999 _c32948
_d32948